000 00458nam a2200181 a 4500
005 20220920063653.0
008 991125n 000 0 spa u
035 _aUPN01000062504
100 1 _aLópez Zárate, Romualdo
_931610
222 _aUNIVERSIDAD FUTURA
245 _aAcadémicos : el caso de la UAM
300 _a106-118
362 0 _a1991 Vol.3, nos.8 y 9
653 0 _aDOCENTES
653 0 _aUAM
904 _aAC
_b000315
905 _aArticulo
999 _c61755
_d61755